000 00792nam a2200241Ii 4500
003 JO-AjNU
008 230605s9999||||xx |||||||||||||| ||und||
017 _a1999/17694
020 _a977-02-5959-4
040 _aJO-AjNU
_bara
_erda
_cJO-AjNU
041 _aara
050 1 4 _aB749.T33 1999
100 3 _aبن رشد، أبي الوليد محمد ؛ تحقيق: سليمان دنيا,
_eauthor
_916460
245 0 0 _aتهافت التهافت، ج1
250 _aط4
264 3 1 _aالقاهرة: دار المعارف، 1999
300 _aج1، 424ص
336 _atext
_btxt
_2rdacontent
337 _aunmediated
_bn
_2rdamedia
338 _avolume
_bnc
_2rdacarrier
490 0 _aذخائر العرب37
650 4 _aالفلسفة الاسلامية- فلسفة ابن رشد
_916461
999 _aA4886
_c8454
_d8454